<?xml version="1.0" encoding="utf-8"?>
<?xml-stylesheet type='text/xsl' href='./oai2.xsl'?>
<OAI-PMH xmlns="http://www.openarchives.org/OAI/2.0/" xmlns:xsi="http://www.w3.org/2001/XMLSchema-instance" xsi:schemaLocation="http://www.openarchives.org/OAI/2.0/ http://www.openarchives.org/OAI/2.0/OAI-PMH.xsd">
  <responseDate>2026-06-04T13:11:58Z</responseDate>
  <request verb="GetRecord" metadataPrefix="marcxml" identifier="record_kuniweb_21935">https://kulturerbe.niedersachsen.de/oai</request>
  <GetRecord>
    <record>
      <header>
        <identifier>record_kuniweb_21935</identifier>
        <datestamp>2015-06-19T12:07:43Z</datestamp>
        <setSpec>slg0103</setSpec>
      </header>
      <metadata>
        <marc:record xmlns:marc="http://www.loc.gov/MARC21/slim" xsi:schemaLocation="http://www.loc.gov/MARC21/slim http://www.loc.gov/standards/marcxml/schema/MARC21slim.xsd">
          <marc:leader>12345nem  22     uu 4500</marc:leader>
          <marc:controlfield tag="001">21935</marc:controlfield>
          <marc:controlfield tag="003">http://kuniweb.gbv.de</marc:controlfield>
          <marc:controlfield tag="005">2015-04-14T12:08:38</marc:controlfield>
          <marc:controlfield tag="008">|           ||||||||||||||||||||||</marc:controlfield>
          <marc:datafield tag="245" ind1="1" ind2="0">
            <marc:subfield code="a">Reiterata Episcopatus Monasteriensis geographica descriptio cui addita est et Osnabru- gensis</marc:subfield>
          </marc:datafield>
          <marc:datafield tag="700" ind1="1" ind2=" ">
            <marc:subfield code="a">Doetichum,</marc:subfield>
            <marc:subfield code="e">Kupferstecher</marc:subfield>
          </marc:datafield>
          <marc:datafield tag="700" ind1="1" ind2=" ">
            <marc:subfield code="a">Doetechum,</marc:subfield>
            <marc:subfield code="e">Kupferstecher</marc:subfield>
          </marc:datafield>
          <marc:datafield tag="700" ind1="1" ind2=" ">
            <marc:subfield code="a">Maschop</marc:subfield>
            <marc:subfield code="e">Zeichner</marc:subfield>
          </marc:datafield>
          <marc:datafield tag="655" ind1=" " ind2="7">
            <marc:subfield code="a">Karten</marc:subfield>
          </marc:datafield>
          <marc:datafield tag="046" ind1=" " ind2=" ">
            <marc:subfield code="k">1569</marc:subfield>
            <marc:subfield code="k">Zeichnung entstand 1569.</marc:subfield>
          </marc:datafield>
          <marc:datafield tag="260" ind1=" " ind2=" ">
            <marc:subfield code="g">1569</marc:subfield>
            <marc:subfield code="g">Zeichnung entstand 1569.</marc:subfield>
          </marc:datafield>
          <marc:datafield tag="300" ind1=" " ind2=" ">
            <marc:subfield code="a">Höhe: 35 cm
Breite: 45 cm</marc:subfield>
          </marc:datafield>
          <marc:datafield tag="520" ind1=" " ind2=" ">
            <marc:subfield code="a">Maßstäbe (in cm): 2 große Meilen = 5,8 – 2 mittlere Meilen = 4,4 – 3 kleine Meilen = 5,3 (Beschriftungen vertauscht)
Ausrichtung: etwa Osten
Rückseite: eineinhalb Seiten vierspaltiger lateinischer Text mit einer siebenzeiligen Initiale und dekorativem Abschluß über Westfalen (beschnitten), Textübergang WALDEC-, Ordnungsmarkierung Ppp

Anmerkungen: 
Die Grafschaft Bentheim ist in das Niederländische und nicht in deutsches Gebiet einbezogen. – Mit dem lateinischen Text in der Titelkartusche wendet sich der Autor an den Betrachter. 

Literatur in Zusammenhang:
Josef Engel: Karten des westfälischen Raumes aus dem 16. Jahrhundert. Eine kritische Besprechung mit Untersuchungen über die Genauigkeit der Karten, in Westfälische Forschungen 10/1957, S. 100

Literatur in Zusammenhang:
C. Koeman und Homan, H. J., „Blussé - Mercator. Atlantes Neerlandici ; Vol. 2“. Theatrum Orbis Terrarum, Amsterdam, 1969. (S. 212, Jod 2 Nr. 71)

Literatur in Zusammenhang:
J. Prinz, „Die ältesten Landkarten : Kataster- und Landesaufnahmen des Fürstentums Osnabrück“. 1948. (S. 251 ff. (256))

Veröffentlicht in:
C. de Judaeis und Judaeis, G. de, „Germania Geographicis Tabulis Illustrata. Speculum Orbis Terrarum ; [P. 2]“. de Judaeis, Antverpiae, 1593. (Blatt 37; von Cornelis der Jode, herausgegeben von der Witwe und den Erben Gerard de Jodes, gedruckt von Arnold Coninx)

Literatur in Zusammenhang:
U. Ohainski, Reitemeier, A., und Mascop, G., „Das Fürstentum Braunschweig-Wolfenbüttel im Jahr 1574 : der Atlas des Gottfried Mascop. Veröffentlichungen des Instituts für Historische Landesforschung der Universität Göttingen ; 57“. Verl. für Regionalgeschichte, Bielefeld, 2012. (Beiträge von Uwe Ohainski, S. 19 ff.; Arne Butt, S. 33 ff.; Arne Butt und Uwe Ohainski, S. 153 ff.)

Literatur in Zusammenhang:
C. Koeman und Krogt, P. C. J. van der, „Koeman's atlantes Neerlandici ; Vol. 3“. HES &amp;amp; de Graaf, 't Goy-Houten, 2003. (Band B S. 751 Nr. 2330:32)</marc:subfield>
          </marc:datafield>
          <marc:datafield tag="650" ind1="1" ind2=" ">
            <marc:subfield code="a">Landkarte</marc:subfield>
          </marc:datafield>
          <marc:datafield tag="773" ind1="0" ind2=" ">
            <marc:subfield code="t">Sammlung Körber-Einbeck</marc:subfield>
          </marc:datafield>
          <marc:datafield tag="852" ind1=" " ind2=" ">
            <marc:subfield code="a">Institut für Historische Landesforschung der Universität Göttingen</marc:subfield>
          </marc:datafield>
          <marc:datafield tag="" ind1=" " ind2=" ">
            <marc:subfield code="a">Namensnennung-Nicht kommerziell 4.0 International (CC BY-NC 4.0))</marc:subfield>
          </marc:datafield>
        </marc:record>
      </metadata>
    </record>
  </GetRecord>
</OAI-PMH>
